Welcome to Marium Abdulla Library

Embrace knowledge with a breath of fresh air.

Browse Collection

Marium Abdulla Library

The Mind Gym (Record no. 13530)

MARC details
000 -LEADER
fixed length control field 00374nam a2200181Ia 4500
001 - CONTROL NUMBER
control field 11408
005 - DATE AND TIME OF LATEST TRANSACTION
control field 20250626030857.0
008 - FIXED-LENGTH DATA ELEMENTS--GENERAL INFORMATION
fixed length control field 211022s9999 xx 000 0 und d
020 ## - INTERNATIONAL STANDARD BOOK NUMBER
International Standard Book Number 0316729922
082 ## - DEWEY DECIMAL CLASSIFICATION NUMBER
Classification number 153.42 MIN
100 ## - MAIN ENTRY--PERSONAL NAME
Personal name Mind Gym
245 #4 - TITLE STATEMENT
Title The Mind Gym
260 ## - PUBLICATION, DISTRIBUTION, ETC.
Place of publication, distribution, etc. London
260 ## - PUBLICATION, DISTRIBUTION, ETC.
Name of publisher, distributor, etc. Time Warner
260 ## - PUBLICATION, DISTRIBUTION, ETC.
Date of publication, distribution, etc. 2005
300 ## - PHYSICAL DESCRIPTION
Extent 308
942 ## - ADDED ENTRY ELEMENTS (KOHA)
Koha item type Book
Holdings
Date last seen Total checkouts Full call number Barcode Price effective from Koha item type Lost status Damaged status Not for loan Collection Withdrawn status Home library Current library Shelving location Date acquired Cost, normal purchase price
10/26/2021   153.42 MIN 11408 10/26/2021 Book       Liberal Arts   Marium Abdulla Library Marium Abdulla Library Non-Ref 05/15/2014 595.00